000 00698nam a2200193Ia 4500
003 GCL
008 140319s9999 xx 000 0 ara d
040 _aGCL /
_cGCL
082 0 4 _a891.3
_bس ح
100 1 _aسوريال عبدالملك
245 1 0 _aحديث النهر : من روائع الاداب الهندية /
_cسوريال عبدالملك
260 _a[S.N] :
_bالهيئة المصرية العامة للكتاب ،
_c1994
490 _aالالف كتاب
_v0
650 0 4 _aالاساطير
650 0 4 _aالشعر الهندى المترجم
650 0 4 _aالادب الهندى المترجم
650 0 4 _aالقصص الهندية المترجمة
942 _2ddc
_cBK
999 _c29844
_d29844